000 00757nam a22002177a 4500
003 0
005 20251027152139.0
008 251027b xxu||||| |||| 00| 0 eng d
020 _a978-1-98469-425-6
050 _aRA 410.55
_b.K56 2025
100 _aKing, Isabella,
_eauthor.
245 _aMedical tourism in developing countries /
_cIsabella King.
260 _aNew York, NY :
_b3G E-Learning LLC,
_c2025.
300 _axviii, 273 pages :
_bcolored illustrations ;
_c26 cm.
504 _aIncludes bibliographical references and index.
650 _aMedical tourism.
650 _aHealth services
_xDeveloping countries.
650 _aMedical care
_xEconomic aspects
_vDeveloping countries.
650 _aTourism
_xDeveloping countries.
942 _2lcc
_cBK
999 _c368353
_d368353